TOP 10 - Beste Deutsche Meister (nach Niederlagen) #2 - Statistiken

Allgemein
  • Dieses Quiz wurde 29 mal gespielt
  • Das Durchschnittsergebnis liegt bei 8 aus 10
Antwortstatistiken
Rang Saison N Verein % Korrekt
1 2023/24 0 Bayer 04 Leverkusen
100%
2 2012/13 1 FC Bayern München
95%
3 2007/08 2 FC Bayern München
95%
3 2013/14 2 FC Bayern München
95%
3 2015/16 2 FC Bayern München
95%
3 2016/17 2 FC Bayern München
91%
7 1996/97 3 FC Bayern München
82%
7 2005/06 3 FC Bayern München
59%
7 2011/12 3 Borussia 09 Dortmund
41%
7 1999/00* 3 Bayer 04 Leverkusen
23%
Keine übereinstimmenden Quizze gefunden
Verteilung der Resultate
Anzahl Personen mit jedem Resultat
Perzentil nach korrekt beantworteten Fragen
Ihre Resultats-Entwicklung
Sie haben dieses Quiz noch nicht gespielt